Регионална библиотека "Любен Каравелов" - Русе

Internet for English Teaching (Запис номер 90262)

MARC детайли
000 -Лидер
Контролно поле с фиксирана дължина 01394nam a2200349 c 4500
003 - Код на организацията, давaща контролен номер
Контролно поле BLK
005 - Дата и час на последна редакция
Контролно поле 20180420225238.0
008 - Елементи от данни с фиксирана дължина
fixed length control field 180408b bul|||||r ||||||| ||bul||
010 ## - Наследен системен номер
LC control number KNG00095000000
020 ## - Международен стандартен номер на книга ISBN
Международен стандартен номер на книга ISBN 0-939791-88-9
-- издат.: U. S. Department of State
040 ## - Източник на каталожния запис
Идентификатор на билиотеката - собственик на записа BLK
041 ## - Код за език
Код за езика на текст/звукозапис или на отделно заглавие Английски
Код за езика КДБФ Английски
080 ## - УДК
Текстов определител УДК Английски език
УДК код - определител по УДК 811.111
УДК определител
УДК - код + определител 811.111
080 ## - УДК
Текстов определител УДК Интернет. Изчислителни системи. Мултиизчислителни комплекси и многомашинни мрежи
УДК код - определител по УДК 004.738.5
УДК определител :802.0
УДК - код + определител 004.738.5:802.0
100 1# - Редна дума - Автор
Автор Warschauer, Mark
Авторска отговорност първи автор
R(LIN) 27677
139 ## - Редно поле
Редна дума Warschauer, Mark et al.
Авторски знак Wars - W 28
245 10 - Сведения за заглавието
Заглавие Internet for English Teaching
Редно поле (дума) Mark Warschauer; съавт. Heidi Shetzer; съавт. Christine Meloni.
257 ## - Страна на издаване
Страна на създаване/издаване Съединени американски щати
260 ## - Област на издателските данни
-- Washington
Име на издателя, разпространителя и проч. U. S. Department of State
Година на издаване 2004
300 ## - Физическа характеристика
Страници IX, 178 p.
Илюстрации и др. ill.
Размери/Мащаб 23 cm
380 ## - Жанр
Жанр Езикознание. Филология
650 #4 - Допълнително описание по предмет – тема
Основно описание – тема или топоним Английски език - Интернет - методика на преподаването
9 (RLIN) 303925
653 ## - Ключова дума – ненормативна
Ключова дума английски език
653 ## - Ключова дума – ненормативна
Ключова дума Интернет
700 1# - Други автори (авторска отговорност)
Лично име Shetzer, Heidi
Автороска отговорност (Описва отношението между автора и произведението) съавт.
9 (RLIN) 24326
700 1# - Други автори (авторска отговорност)
Лично име Meloni, Christine
Автороска отговорност (Описва отношението между автора и произведението) съавт.
9 (RLIN) 18389
852 ## - Местоположение
Форматна сигнатура Цб 247440
856 4# - Електронен адрес и достъп
Електронен формат pdf - файл
Път до файла /url/
856 4# - Електронен адрес и достъп
Електронен формат pdf - файл
Път до файла /url/
942 ## - АРТИКУЛИ
Вид на библиотечния материал Книги
Скрит в OPAC Не
944 ## - СЪЗДАВАНЕ И РЕДАКЦИЯ на ЗАПИСА
Създаване/Редакция Създаване
Дата на регистрацията/редакция 24.03.2010
Статус, дата на статуса ф /
Служител, извършил регистрацията/редакцията Геновева_Генчева
944 ## - СЪЗДАВАНЕ И РЕДАКЦИЯ на ЗАПИСА
Създаване/Редакция Редакция
Дата на регистрацията/редакция 29.03.2010
Статус, дата на статуса ф /
Служител, извършил регистрацията/редакцията
999 ## - СИСТЕМНИ КОНТРОЛНИ НОМЕРА
Koha biblionumber 90262
Koha biblioitemnumber 90262
Наличности
Код за отписване Код за изгубен артикул Код за повреда Коз за рестрикции Код за отдаване Артикулен № Име на библиотеката - собственик Име на библиотеката, в която се намира в момента Статус (Текущо местоположение) Дата на вписване в системата Местоположение - отдел Цена в лева Инвентарен номер Систематично азбучна сигнатура Баркод Номер на екземпляра Цена в евро Служебна бележка Служебен тип на артикула
  Не е изгубен Не е повреден без рестрикции заемане за дома 145894 Регионална библиотека "Любен Каравелов" Русе Регионална библиотека "Любен Каравелов" Русе ЧЧЗО - англ. ез. - Британски съвет 2010-03-22 ЧЧЗО - англ. ез. - Британски съвет 14.30 120000742886 Ч3 802.0/W 28 120000742886 1 7.31 Дост: DA Вид: А N: 9 Дата: 22.03.2010 Дата инв: 20.03.2015 Бележки инв: Ч32015 Книги
Vip Innovations Ltd, Rousse, Bulgaria 2025